LEADER 01708nam a2200349 u 4500 001 000000112418 003 CaOOAMICUS 005 20080708115418.0 008 080708s2008 it u000 u ita u 040 $aPUL$bita$dLDB 041 1 $aita$hlat 100 1 $aSpinoza, Benedictus de,$d1632-1677.$0(OLS)http://pul/name/1480 245 10$aSpinoza. 260 $aMilano :$bMondadori,$cc2008. 300 $a806 p. ;$c18 cm. 490 1 $aI classici collezione del pensiero ;$v14 504 $aInclude riferimenti bibliografici e indici. 505 0 $aCronologia di Spinoza ; Tavola delle sigle e delle abbreviazioni ; Trattato teologico-politico, Annotazioni / introduzione di Filippo Mignini, traduzione e note di Omero Proietti ; Etica / introduzione, traduzione e note di Filippo Magnini ; Bibliografia. 700 1 $aMignini, Filippo.$0(OLS)http://pul/name/40707 700 1 $aProietti, Omero.$0(OLS)http://pul/name/69291 700 12$aSpinoza, Benedictus de,$d1632-1677$tEthica more geometrico demonstrata.$0(OLS)http://pul/name/69293 700 12$aSpinoza, Benedictus de,$d1632-1677$tTractatus Theologico-Politicus.$0(OLS)http://pul/name/64310 740 0 $aEtica. 740 0 $aTrattato teologico-politico. 830 2$aI classici del pensiero (Mondadori) ;$v14.$0(OLS)http://pul/title/140256 850 $aPUL 852 $aPUL$W1$xSL Filosofia 3$y81$m180 COLL 1.14$j128621$qDDC 21$B127556$CPULBib$Z2$F127556 $82 941 1 $a9 996 $6740$aEtica$9(OLS)http://pul/title/140435 996 $6740$aTrattato teologico-politico$9(OLS)http://pul/title/141285 996 $6245$aSpinoza$9(OLS)http://pul/title/11063 996 $6260$aMilano :$bMondadori$9(OLS)http://pul/publisher/50297 LEADER 01442nam a2200313 a 4500 001 000000138035 003 CaOOAMICUS 005 20140408100542.0 008 140408s2013 it u001 u ita r 020 $a978-88-6124-382-8 040 $aPUL$bita 082 04$a303.6 100 1 $aArciprete, Pasquale,$d1958-$0(OLS)http://pul/name/72385 245 13$aIl Regno perfetto e la violenza dei "Giusti" :$bi movimenti apocalittico-millenaristici nella storia dell'Occidente /$cPasquale Arciprete. 260 $aTrapani :$bIl pozzo di Giacobbe,$cİ2013. 300 $a893 p. ;$c22 cm 490 1 $aOi christianoi ;$v16 504 $aInclude riferimenti bibliografici e indici. 650 4$aMillenarismo.$0(OLS)http://pul/subject/12163 830 3$aOi christianoi ;$v16.$0(OLS)http://pul/title/132648 850 $aPUL 852 $aPUL$W1$xSL Diritto e Scienze Sociali 3$y79$m303. 6 ARCPA 1$j159102$qDDC 21$B158652$CPULBib$Z2$F158652 $H123773 $82 941 1 $a9 983 0$aOi christianoi (Il pozzo di Giacobbe) 996 $6020$a978-88-6124-382-8 $9(OLS)http://pul/number/155012 996 $6082$a303.6$9(OLS)http://pul/classification/1936 996 $6245$aIl Regno perfetto e la violenza dei "Giusti" :$bi movimenti apocalittico-millenaristici nella storia dell'Occidente$9(OLS)http://pul/title/174780 996 $6260$aTrapani :$bIl pozzo di Giacobbe$9(OLS)http://pul/publisher/79226